000 00388nam a2200157Ia 4500
008 230917s9999||||xx |||||||||||||| ||und||
040 _e36749
_aMAIN
041 _aEnglish
082 _a342 J447B
100 _aJennings, Ivor
245 0 _aBritish constitution
250 _a5th ed.
260 _aLondon
_bThe english language book society
_c1966
300 _axi, 218 p.
942 _cBK
999 _c95768
_d95768